| 000 | 01429nam0a2200313 4500 | ||
|---|---|---|---|
| 001 | RU\NLR\bibl\563590 | ||
| 005 | 20260409064130.0 | ||
| 010 |
_a5-476-00030-5 _92000 |
||
| 021 |
_aRU _b2004-52524 _92580 |
||
| 035 | _a(NLR Aleph) 000555694 | ||
| 090 |
_a1500446 _c1500446 |
||
| 100 | _a20041015d2004 |||y0rusy50 ca | ||
| 101 | 0 | _arus | |
| 102 | _aRU | ||
| 105 | _ay n ||||| | ||
| 200 | 1 |
_aВоздушный кодекс Российской Федерации _e[Офиц. текст _eПринят Гос. Думой 19 февр. 1997 г. _eОдобрен Советом Федерации 5 марта 1997 г.] |
|
| 210 |
_aМ. _cГроссМедиа _d2004 |
||
| 215 |
_a45, [2] с. _d21 |
||
| 225 | 1 | _aКодексы и комментарии | |
| 604 |
_171001$aРоссийская Федерация _150011$aВоздушный кодекс$2nlr_sh2$3RU\NLR\AUTH\661261620 _aРоссийская Федерация _tВоздушный кодекс _92085501 _3RU\NLR\AUTH\661261620 |
||
| 606 | 0 |
_aВоздушный кодекс _yРоссийская Федерация _92085499 _3RU\NLR\auth\661261618 |
|
| 686 | _aХ621.145.5-324.9(2Р) | ||
| 740 | 1 |
_aРоссийская Федерация _tЗаконы _iВоздушный кодекс _3RU\NLR\AUTH\880379502 _9425403 |
|
| 801 | 0 |
_aRU _bNLR _c20041015 _gPSBO |
|
| 801 | 1 |
_aRU _bNLR _c20041015 |
|
| 942 | _cBOOK | ||
| 980 | _aNB | ||